Save the beach / by Ali Bovis
"When faced with the possible closing of her favorite beach, Sylvie first attempts a one-person coastal cleanup march on city hall, but thanks to the town clown, she realizes it will take more than one person to save the beach."--Back cover.
Record details
- ISBN: 9781532136528
- ISBN: 1532136528
- Physical Description: 112 pages : color illustrations ; 20 cm.
- Publisher: Minneapolis, MN : Magic Wagon, a division of ABDO 2020.
Content descriptions
| Formatted Contents Note: | Bake sale at the beach -- Save the beach! -- March on city hall -- Coastal cleanup -- Mr. Twist 'n Shout -- Everybody, everywhere -- The seagulls of Sea View -- The big day -- Get in position -- Say "Beach!" |
Search for related items by subject
Search for related items by series
Available copies
- 1 of 1 copy available at scottsboropl.
Holds
- 0 current holds with 1 total copy.
Show Only Available Copies
| Location | Call Number / Copy Notes | Barcode | Shelving Location | Status | Due Date |
|---|---|---|---|---|---|
| scottsboropl | BC Bov | 32269001192312 | Juvenile - Beginning Chapter | Available | - |
| LDR | 01674nam a2200361Ka 4500 | ||
|---|---|---|---|
| 001 | 153690 | ||
| 003 | CONS | ||
| 005 | 20200302134457.0 | ||
| 008 | 191003s2020 mnua j 000 1 eng d | ||
| 010 | . | ‡a 2019942382 | |
| 020 | . | ‡a9781532136528 ‡q(hardcover) | |
| 020 | . | ‡a1532136528 ‡q(hardcover) | |
| 035 | . | ‡a(CPomAG)LMN616288 | |
| 082 | 0 | 4. | ‡a[Fic] |
| 100 | 1 | . | ‡aBovis, Ali, ‡eauthor. |
| 245 | 1 | 0. | ‡aSave the beach / ‡cby Ali Bovis |
| 260 | . | ‡aMinneapolis, MN : ‡bMagic Wagon, a division of ABDO ‡c2020. | |
| 300 | . | ‡a112 pages : ‡bcolor illustrations ; ‡c20 cm. | |
| 490 | 1 | . | ‡aSylvie ; ‡v2 |
| 490 | 0 | . | ‡aCalico. |
| 505 | 0 | . | ‡aBake sale at the beach -- Save the beach! -- March on city hall -- Coastal cleanup -- Mr. Twist 'n Shout -- Everybody, everywhere -- The seagulls of Sea View -- The big day -- Get in position -- Say "Beach!" |
| 520 | . | ‡a"When faced with the possible closing of her favorite beach, Sylvie first attempts a one-person coastal cleanup march on city hall, but thanks to the town clown, she realizes it will take more than one person to save the beach."--Back cover. | |
| 650 | 0. | ‡aBeach closures ‡vJuvenile fiction. | |
| 650 | 0. | ‡aMarine debris ‡xCleanup ‡vJuvenile fiction. | |
| 650 | 0. | ‡aEcology ‡vJuvenile fiction. | |
| 650 | 0. | ‡aFund raising ‡xTeamwork ‡vJuvenile fiction. | |
| 650 | 0. | ‡aSelf-assurance ‡vJuvenile fiction. | |
| 650 | 0. | ‡aFriendship ‡vJuvenile fiction. | |
| 700 | 1 | . | ‡aTaylor, Jen, ‡d1991- ‡eillustrator. |
| 800 | 1 | . | ‡aBovis, Ali. ‡tSylvie ; ‡v2. |
| 914 | . | ‡aSCP_LP | |
| 959 | . | ‡i32269001192312 ‡lBC Bov ‡aJuvenile - Beginning Chapter ‡tHardback ‡g35.00 | |
| 852 | . | ‡p32269001192312 ‡jBC Bov ‡gJuvenile - Beginning Chapter ‡cHardback ‡y35.00 ‡bSBPL | |
| 901 | . | ‡a153690 ‡bUnknown ‡c153690 ‡tbiblio | |